| 000 | 00529nam a2200217Ia 4500 | ||
|---|---|---|---|
| 008 | 180523s9999 xx 000 0 und d | ||
| 020 | _a007-123273-7 | ||
| 050 | _aMAIN HD 31 | ||
| 050 | _b.U47 2004 c.1 | ||
| 100 | _aUlrich, Karl T. | ||
| 245 | 0 | _aProduct design and development / | |
| 245 | 0 | _cKarl T. Ulrich. | |
| 250 | _a3rd Edition | ||
| 260 | _aNew York : | ||
| 260 | _bMcGraw-Hill, | ||
| 260 | _c2004 | ||
| 300 | _a366 pages : | ||
| 300 | _billustrations ; | ||
| 300 | _c23 cm. | ||
| 500 | _aIncludes index. | ||
| 999 |
_c356873 _d356873 |
||